Every F1 Driver since Lewis Hamilton's Debut - Statistics

General Stats
  • This quiz has been taken 112 times
  • The average score is 117 of 181
Answer Stats
Team Nation Driver % Correct
Ferrari | Sauber Monaco Charles Leclerc
96%
Red Bull Netherlands Max Verstappen
96%
Ferrari | McLaren | Renault | +2 others Spain Carlos Sainz
95%
Force India | Haas | KICK Sauber | +3 others Germany Nico Hulkenberg
93%
Force India | McLaren | Racing Point | +2 others Mexico Sergio Perez
93%
Alpine | Aston Martin | Ferrari | +2 others Spain Fernando Alonso
92%
AlphaTauri | HRT | Red Bull | +3 others Australia Daniel Ricciardo
91%
Mercedes | Williams United Kingdom George Russell
91%
AlphaTauri | Alpine | Toro Rosso France Pierre Gasly
91%
Alfa Romeo | KICK Sauber | Mercedes | Williams Finland Valtteri Bottas
91%
AlphaTauri | VCARB Japan Yuki Tsunoda
91%
Alfa Romeo | Ferrari | Lotus Finland Kimi Raikkonen
90%
Aston Martin | BMW | Ferrari | +2 others Germany Sebastian Vettel
90%
Alpine | Force India | Haas | +2 others France Esteban Ocon
89%
Mercedes Germany Michael Schumacher
89%
Haas Germany Mick Schumacher
89%
Toyota Germany Ralf Schumacher
89%
Red Bull | Williams Thailand Alex Albon
88%
McLaren United Kingdom Lando Norris
88%
McLaren Australia Oscar Piastri
88%
Alfa Romeo | KICK Sauber China Zhou Guanyu
88%
Haas | Renault Denmark Kevin Magnussen
86%
AlphaTauri | VCARB New Zealand Liam Lawson
86%
Aston Martin | Racing Point | Williams Canada Lance Stroll
84%
Mercedes | Williams | Williams-Toyota Germany Nico Rosberg
82%
Ferrari | Haas United Kingdom Oliver Bearman
82%
Brawn GP | Honda | McLaren United Kingdom Jenson Button
80%
Red Bull Australia Mark Webber
80%
Ferrari | Williams Brazil Felipe Massa
78%
Haas | Lotus | Renault France Romain Grosjean
78%
Ferrari | McLaren | Mercedes United Kingdom Lewis Hamilton
77%
Mercedes Italy Kimi Antonelli
76%
Williams USA Logan Sargeant
74%
AlphaTauri | Toro Rosso Russia Daniil Kvyat
73%
Haas Russia Nikita Mazepin
73%
BMW | Renault | Sauber | Williams Poland Robert Kubica
71%
Williams Argentina Franco Colapinto
68%
AlphaTauri Netherlands Nyck de Vries
67%
Alfa Romeo | Sauber Italy Antonio Giovinazzi
66%
KICK Sauber Brazil Gabriel Bortoletto
64%
Alpine Australia Jack Doohan
64%
Brawn GP | Honda | Williams Brazil Rubens Barrichello
63%
Williams Canada Nicholas Latifi
62%
Lotus | Williams Venezuela Pastor Maldonado
59%
McLaren Belgium Stoffel Vandoorne
58%
Red Bull United Kingdom David Coulthard
55%
Caterham | Lotus | McLaren Finland Heikki Kovalainen
54%
Sauber Sweden Marcus Ericsson
54%
Sauber | Toyota Japan Kamui Kobayashi
52%
Haas Brazil Pietro Fittipaldi
52%
HRT | Renault | Williams Brazil Bruno Senna
48%
Lotus | Toyota Italy Jarno Trulli
47%
Williams Russia Sergey Sirotkin
46%
Ferrari | Force India | Renault Italy Giancarlo Fisichella
45%
BMW | Renault | Sauber Germany Nick Heidfeld
45%
Toro Rosso New Zealand Brendon Hartley
44%
Haas | Sauber Mexico Esteban Gutierrez
44%
Marussia France Jules Bianchi
44%
Renault Brazil Nelson Piquet Jr
44%
Lotus | Renault United Kingdom Jolyon Palmer
43%
Manor Racing | Sauber Germany Pascal Wehrlein
40%
Williams United Kingdom Jack Aitken
37%
Toro Rosso Switzerland Sebastian Buemi
36%
Caterham | Renault Russia Vitaly Petrov
36%
Sauber Brazil Felipe Nasr
35%
HRT | Sauber Spain Pedro de la Rosa
35%
Force India | Spyker-Ferrari Germany Adrian Sutil
34%
Envision | Marussia | Toyota Germany Timo Glock
34%
Marussia United Kingdom Max Chilton
31%
Force India United Kingdom Paul di Resta
31%
Toro Rosso France Jean-Eric Vergne
29%
Toro Rosso USA Scott Speed
29%
HRT | Lotus India Karun Chandhok
27%
Williams | Williams-Toyota Japan Kazuki Nakajima
26%
Ferrari Italy Luca Badoer
26%
HRT India Narain Karthikeyan
26%
Force India | HRT Italy Vitantonio Liuzzi
26%
Manor Racing USA Alexander Rossi
25%
Caterham France Charles Pic
25%
Super Aguri-Honda Japan Takuma Sato
25%
Caterham Netherlands Giedo van der Garde
24%
Toro Rosso Spain Jaime Alguersuari
24%
Manor Racing Indonesia Rio Haryanto
24%
Toro Rosso France Sebastien Bourdais
24%
Williams-Toyota Austria Alexander Wurz
22%
Manor Racing United Kingdom Will Stevens
22%
Manor Racing Spain Roberto Merhi
20%
Envision | Lotus Belgium Jerome d'Ambrosio
18%
Envision Brazil Lucas di Grassi
18%
HRT | Spyker-Ferrari Japan Sakon Yamamoto
18%
Super Aguri-Honda United Kingdom Anthony Davidson
16%
Spyker-Ferrari Germany Markus Winkelhock
15%
Spyker-Ferrari Netherlands Christijan Albers
8%
Manor Racing United Kingdom Jordan King
1%
No matching quizzes found
Score Distribution
Percent of People with Each Score
Percentile by Number Answered
Your Score History
You have not taken this quiz